| 000 | 00677nam a22001937a 4500 | ||
|---|---|---|---|
| 005 | 20240514105119.0 | ||
| 010 | _aENG-140324 | ||
| 020 |
_c250.00 _a9788119664719 |
||
| 035 | _aEN-123856 | ||
| 037 | _bDBAD | ||
| 082 | _a280 | ||
| 100 |
_aSankarathil, John _966151 |
||
| 245 |
_aGod And My Imperfections: _bA Call To Spiritual Empowerment/ _cBy John Sankarathil |
||
| 260 |
_aBengaluru _bATC Publishers _c2024 |
||
| 270 |
_aSt. Mary's Block, No 5, Nandidurga Road Benson Town, _aUnit of Holy Redeemer Foundation 8 John Armstrong Road _bBengaluru _e560046 |
||
| 300 |
_a180p.: _c21cm(pb) |
||
| 700 |
_965564 _aSankarathil, John |
||
| 942 |
_2ddc _cEN _h280 _mSAN |
||
| 999 |
_c202787 _d202787 |
||